Gaming Quiz

Random Gaming or World Quiz

Banjo Kazooie Worlds Quiz Stats

 Plays Quiz Updated Feb 28, 2020

     
Support Sporcle.
Go Orange.
Score 0/34 Timer 07:00
0 Plays Today
First Appearance World % Correct
Banjo-Kazooie (N64)Mumbo's Mountain
72.5%
Banjo-Kazooie (N64)Clanker's Cavern
67%
Banjo-Kazooie (N64)Spiral Mountain
65.3%
Banjo-Kazooie (N64)Treasure Trove Cove
65.1%
Banjo-Kazooie (N64)Click Clock Wood
64%
Banjo-Kazooie (N64)Rusty Bucket Bay
62.3%
Banjo-Kazooie (N64)Bubblegloop Swamp
56.7%
Banjo-Kazooie (N64)Mad Monster Mansion
52.8%
Banjo-Kazooie (N64)Gruntilda's Lair
50.5%
Banjo-Kazooie (N64)Freezeezy Peak
48.9%
Banjo-Kazooie (N64)Gobi's Valley
47.3%
Banjo-Tooie (N64)Witchyworld
39.7%
Banjo-Tooie (N64)Grunty Industries
36.6%
Banjo-Tooie (N64)Hailfire Peaks
35.6%
Banjo-Tooie (N64)Glitter Gulch Mine
34%
Banjo-Tooie (N64)Jolly Roger's Lagoon
32.7%
Banjo-Tooie (N64)Cloud Cuckooland
30.6%
First Appearance World % Correct
Banjo-Tooie (N64)Isle O' Hags
30.4%
Banjo-Tooie (N64)Terrydactyland
27.8%
Banjo-Tooie (N64)Mayahem Temple
27.8%
Banjo-Kazooie (N64)Grunty's Furnace Fun
19.4%
Banjo-Kazooie: Nuts & Bolts (Xbox 360)Banjo Land
17.6%
Banjo-Tooie (N64)Cauldron Keep
17%
Banjo-Kazooie: Nuts & Bolts (Xbox 360)Showdown Town
13.6%
Banjo-Kazooie: Nuts & Bolts (Xbox 360)Nutty Acres
13.5%
Banjo-Kazooie: Nuts & Bolts (Xbox 360)LOGbox 720
12%
Banjo-Kazooie: Grunty's Revenge (Game Boy Advance)Grunty's Castle
9.8%
Banjo-Kazooie: Nuts & Bolts (Xbox 360)The Jiggoseum
9.4%
Banjo-Kazooie: Grunty's Revenge (Game Boy Advance)Breegull Beach
9.2%
Banjo-Kazooie: Nuts & Bolts (Xbox 360)Terrarium of Terror
8.7%
Banjo-Kazooie: Grunty's Revenge (Game Boy Advance)Cliff Farm
7.2%
Banjo-Kazooie: Grunty's Revenge (Game Boy Advance)Bad Magic Bayou
6.6%
Banjo-Kazooie: Grunty's Revenge (Game Boy Advance)Freezing Furnace
6%
Banjo-Kazooie: Grunty's Revenge (Game Boy Advance)Spiller's Harbor
6%

From the Vault

Athlete Name Definitions (with a Picture)

by whssox

Sports 5m
We're making a new dictionary for just the names. It'll be a new language.
Remove Ads.
Support Sporcle.
Get the best of Sporcle when you Go Orange. This ad-free experience offers more features, more stats, and more fun while also helping to support Sporcle. Thank you for becoming a member.

Show Comments

Extras

Top Quizzes Today


Score Distribution

Your Account Isn't Verified!

In order to create a playlist on Sporcle, you need to verify the email address you used during registration. Go to your Sporcle Settings to finish the process.

Report this User

Report this user for behavior that violates our Community Guidelines.

Details: